000 00243nam a22000857a 4500
008 161207b xxu||||| |||| 00| 0 eng d
100 _91899
_aSoni. A
245 _aThe brain game : Learning computer -6
260 _aNew delhi
_bNavdeep publication
_c2004
999 _c4670
_d4670